10 Words, 20 Definitions XVII Quiz Stats

 Plays Quiz Updated Aug 13, 2019

Score 0/20 Timer 03:00
5 Plays Today
% Correct
Holiday
94.5%
Bake
94.3%
Holiday
94.2%
Wheat
94.1%
Meat
93.8%
Layer
93.1%
Bake
91.1%
Paste
90.9%
Delicious
90.8%
Sauce
89.8%
% Correct
Cheese
89.5%
Noodle
87.6%
Paste
85.2%
Noodle
85.1%
Delicious
82.6%
Layer
78.4%
Meat
77.5%
Cheese
71.3%
Wheat
58%
Sauce
57.2%

You're not logged in!

Compare scores with friends on all Sporcle quizzes.
OR
Log In

Sporcle TV

Today on Sporcle TV


Watch our educational content, quiz creation guides, and fun videos on Sporcle TV.

Show Comments

Extras

Top Quizzes Today


Score Distribution

Your Account Isn't Verified!

In order to create a playlist on Sporcle, you need to verify the email address you used during registration. Go to your Sporcle Settings to finish the process.

Report this User

Report this user for behavior that violates our Community Guidelines.

Details: